Desplazados y refugiados

Gespeichert in:
Bibliographische Detailangaben
Format: Text
Schlagworte:
Tags: Tag hinzufügen
Keine Tags, Fügen Sie den ersten Tag hinzu!

MARC

LEADER 00000 a a2200000 04500
001 163
003
040
245 |a Desplazados y refugiados  
650 |a MIGRACION  
650 |a DESPLAZADOS  
650 |a REFUGIADOS  
650 |a LEGISLACION  
773 |g volumen 24, número 4; páginas 3-19  
999 |c 31082  |d 31082 
773 0 |0 42310  |9 3161  |a Centro de Estudios Pastoral y Asistencia Migratoria (CEPAM)  |d s.l.: CEPAM  |o 03666  |t Acontecer Migratorio /  |w (cru CIDCACS/IIS)153